000 00477nam a2200193Ia 4500
003 GCL
008 140319s9999 xx 000 0 aRus d
040 _aGCL /
_cGCL
082 0 4 _a861
_bR P
100 1 _aROSALES, LUIS
245 1 0 _aPOESIA REUNIDA 1935 - 1974 /
_cROSALES, LUIS
260 _a[S.N] :
_bSEIX BARRAL ،
_c1982
300 _a445
650 0 4 _aLITERATURE
650 0 4 _aPOETRY
650 0 4 _aSPANISH LITERATURE
650 0 4 _aSPANISH POETRY
942 _2ddc
_cBK
999 _c12827
_d12827